Imatges al castell : guia de fons amb imatges i col·leccions fotogràfiques / [textos: M. Teresa Solé] guia de fons amb imatges i col·leccions fotogràfiques / [textos:
Publicado:
[s.n.] :
Arxiu Comarcal del Baix Empordà : Ajuntament de la Bisbal d'Empordà : Consell Comarcal del Baix Empordà : Generalitat de Catalunya. Departament de Cultura ,
2006
Descripción Física:
94 p. : il. ; 30 cm
Otros Autores:
Solé, M. Teresa
MARC
| LEADER | 00000nam a2200000Ia 4500 | ||
|---|---|---|---|
| 001 | 18330 | ||
| 003 | BGR | ||
| 005 | 20260324175328.0 | ||
| 008 | 160829s2006 xx 000 0 cat d | ||
| 080 | |a A-2-274 | ||
| 245 | |a Imatges al castell : |b guia de fons amb imatges i col·leccions fotogràfiques / [textos: |b M. Teresa Solé] | ||
| 260 | |a [s.n.] : |b Arxiu Comarcal del Baix Empordà : |b Ajuntament de la Bisbal d'Empordà : |b Consell Comarcal del Baix Empordà : |b Generalitat de Catalunya. Departament de Cultura, |c 2006 | ||
| 300 | |a 94 p. : |b il. ; |c 30 cm | ||
| 650 | |a Arxiu Comarcal del Baix Empordà |x Catàlegs |9 27313 | ||
| 700 | |a Solé, M. Teresa |9 27314 | ||
| 710 | 1 | |a Baix Empordà (Catalunya). |b Consell Comarcal |9 51460 | |
| 710 | 1 | |a Arxiu Comarcal del Baix Empordà |9 70429 | |
| 710 | 2 | |a Catalunya. |b Departament de Cultura |9 52819 | |
| 901 | |a Arxiu | ||
| 942 | |n 1 |2 udc |c MON | ||
| 952 | |0 0 |1 0 |4 0 |6 A2274 |7 1 |9 44348 |a Arxiu |b Arxiu |d 2016-12-01 |l 0 |o A-2-274 |p 18330 |r 2016-12-01 00:00:00 |w 2016-12-01 |y ARXIU | ||
| 999 | |c 46929 |d 46929 | ||